Основы бухгалтерского учета. Задачи и вопросы: учебное пособие

Bibliografiset tiedot
Päätekijä: Вещунова Н. Л. Наталья Леонидовна
Muut tekijät: Неелова Н. В. Наталья Владимировна
Kieli:venäjä
Julkaistu: Москва, Финансы и статистика, 2000
Painos:3-е изд., перераб. и доп.
Aiheet:
Aineistotyyppi: MixedMaterials Kirja
KOHA link:https://koha.lib.tpu.ru/cgi-bin/koha/opac-detail.pl?biblionumber=27317

MARC

LEADER 00000nam0a2200000 4500
001 27317
005 20241119093635.0
010 |a 5279023264 
035 |a (RuTPU)RU\TPU\book\27566 
035 |a BOOK00027641 
090 |a 27317 
100 |a 20011209d2000 m y0rusy50 ca 
101 0 |a rus 
102 |a RU 
105 |a a j 001zy 
200 1 |a Основы бухгалтерского учета. Задачи и вопросы  |e учебное пособие  |f Н. Л. Вещунова, Н. В. Неелова 
205 |a 3-е изд., перераб. и доп. 
210 |a Москва  |c Финансы и статистика  |d 2000 
215 |a 96 с.  |c ил. 
320 |a Библиогр.: с. 96. 
517 1 |a Задачи и вопросы 
610 1 |a экономика 
610 1 |a финансы 
610 1 |a учет 
610 1 |a бухгалтерский учет 
610 1 |a таблицы 
610 1 |a мини-тесты 
610 1 |a контрольные вопросы 
610 1 |a задачи 
610 1 |a учебники 
675 |a 657.22(07)  |v 3 
700 1 |a Вещунова  |b Н. Л.  |g Наталья Леонидовна 
701 1 |a Неелова  |b Н. В.  |g Наталья Владимировна 
801 0 |a RU  |b 63413507  |c 20011209  |g PSBO 
801 2 |a RU  |b 63413507  |c 20060614  |g PSBO 
942 |c BK